000 00516cam a22002171 4500
001 sa 65002598
003 DLC
005 20260227112117.0
008 911107s1961 pk 000 0 urdr
010 _asa 65002598
035 _a(OCoLC)24708368
040 _aDLC
_cWaU
_dDLC
042 _apremarc
050 0 0 _aPK2200.C5
_bS55
100 1 _aChandar, Krishan.
245 1 0 _aSitāron̲ kī sair.
260 _c[1961]
300 _a159 p.
_c17 cm.
500 _aIn Urdu.
500 _aText partially vocalized.
999 _c62714
_d62714